| 000 | 01017aam a2200265 a 4500 | ||
|---|---|---|---|
| 008 | |||
| 020 | _a1853121576 (hbk.) | ||
| 049 | _aMAIN | ||
| 090 | _aTA347.B69 COM | ||
| 245 | 0 | 0 |
_aComputational modelling of free and moving boundary problems: _avol. 1 fluid flow _bproceedings of the first international conference, held 2-4 July, Southampton, U.K. / _ceditors, L.C. Wrobel, C.A. Brebbia. |
| 260 |
_aSouthampton : _bComputational Mechanics Publications, _cc1991. |
||
| 300 |
_a449 p. : _bill. ; _c24 cm. |
||
| 504 | _aIncludes bibliographical references. | ||
| 505 | 0 | _av. 1. Fluid flow | |
| 650 | 0 |
_aBoundary value problems _xCongresses. |
|
| 650 | 0 |
_aFluid dynamics _xMathematical models _xCongresses. |
|
| 650 | 0 |
_aHeat _xTransmission _xMathematical models _xCongresses. |
|
| 700 | 1 | _aWrobel, L.C. | |
| 700 | 1 | _aBrebbia, C.A. | |
| 907 |
_a.b10230634 _b28-05-13 _c13-02-07 |
||
| 003 | |||
| 005 | 20230123134353.0 | ||
| 040 | _cNUST | ||
| 942 |
_cBOOKS _kTA347.B69 COM |
||
| 999 |
_c164733 _d164733 |
||